000 00265nam a22001217a 4500
008 170821b xxu||||| |||| 00| 0 eng d
041 _aeng
080 _a51
100 _a37
101 _aMAT
245 _aALGEBRA 1- A MODERN COURSE
_cBEBERMAN,M
942 _2udc
_cBK
999 _c24278
_d24278